000 00637nam a2200241 a 4500
008
020 _a0750606754 (pbk.)
049 _aMAIN
090 _aHF5635
100 1 _aWhitehead, Geoffrey.
245 1 0 _aBook-keeping made simple /
_cG.M.Whitehead.
250 _a4th ed.
260 _aOxford :
_bMade Simple,
_c1992.
300 _axvi, 558 p. ;
_c22 cm.
490 0 _aMade simple books .
500 _aIncludes index.
650 0 _aBookkeeping.
907 _a.b10054297
_b19-01-04
_c17-04-03
003
005 20230123133229.0
040 _cNUST
942 _cBOOKS
_kHF5635
999 _c145017
_d145017